Saṅkrānti /

Saved in:
Bibliographic Details
Main Author: Pant, Sumitra Nandan, 1900-
Format: Book
Language:Hindi
Published: Ilāhābāda : Lokabhāratī Prakāśana, 1977.
LEADER 00812nam a2200229 a 4500
001 c000161449
003 CARM
005 19960731000000.0
008 870105s1977 ii 000 0 hin d
019 1 |a 4970873  |z 28385624  |5 LACONCORD2021 
035 |a (OCoLC)23560861  |5 LACONCORD2021 
040 |a VU  |b eng  |c VU  |d VU 
082 0 4 |a 891.43/1/7  |2 19 
100 1 |a Pant, Sumitra Nandan,  |d 1900- 
245 1 0 |a Saṅkrānti /  |c Symitrānandana Panta. 
260 |a Ilāhābāda :  |b Lokabhāratī Prakāśana,  |c 1977. 
300 |a 102 p. ;  |c 22 cm. 
500 |a Poems. 
500 |a In Hindi. 
852 8 |b CARM  |h A2:AJ21C0  |i B04863  |p 0212946  |f BK 
999 f f |i d35dc44b-416a-519c-91e9-6fd85e346ec3  |s d745c609-d2cb-57f2-866d-9c57c3478934 
952 f f |p Can circulate  |a CAVAL  |b CAVAL  |c CAVAL  |d CARM 1 Store  |e B04863  |f A2:AJ21C0  |h Other scheme  |i book  |m 0212946